Zisťovanie spokojnosti zákazníkov o Fish projekte diplomová práca

Uložené v:
Podrobná bibliografia
Hlavný autor: Kadlečíková, Simona
Korporativný autor: Obchodná fakulta EU. Katedra marketingu
Ďalší autori: Hasprová, Mária, 1970-
Médium: Kniha
Jazyk:Slovak
Vydavateľské údaje: Bratislava 2017
Tagy: Pridať tag
Žiadne tagy, Buďte prvý, kto otaguje tento záznam!

MARC

LEADER 00000nbm a2200000 4500
001 0230621
005 20171002100455.3
041 0 |a slo 
044 |a SK 
245 1 0 |a Zisťovanie spokojnosti zákazníkov o Fish projekte  |b diplomová práca  |c Simona Kadlečíková ; školiteľ: Mária Hasprová 
264 1 |a Bratislava  |c 2017 
300 |a 65 s. 
100 1 |a Kadlečíková, Simona 
700 1 |a Hasprová, Mária, 1970- 
710 2 |a Obchodná fakulta EU. Katedra marketingu